| 000 | 00310 a2200133 4500 | ||
|---|---|---|---|
| 001 | 55723 | ||
| 082 | _a620.103 SHA | ||
| 090 |
_c34609 _d34609 |
||
| 100 | _aShames Irwing H. | ||
| 245 | _aEngineering mechanic statics, 4/e | ||
| 250 | _a4 | ||
| 260 |
_aN J _bPrentic-Hall _c1997 |
||
| 300 | _axlviii, 448p. | ||
| 942 |
_aNUST-CAE _k620.103 SHA |
||
| 999 |
_c290796 _d290796 |
||